Central Library OPAC University of Rajshahi

التشريع الاسلامي وعاقبة المجرمين (Record no. 78164)

MARC details
000 -LEADER
fixed length control field 00717nam a2200205 a 4500
001 - CONTROL NUMBER
control field 78164
003 - CONTROL NUMBER IDENTIFIER
rucl marc code BD-RjUL
005 - DATE AND TIME OF LATEST TRANSACTION
control field 20211209083109.0
008 - FIXED-LENGTH DATA ELEMENTS--GENERAL INFORMATION
fixed length control field 210403b ||||| |||| 00| 0 eng d
035 ## - SYSTEM CONTROL NUMBER
System control number (BD-RjUL)78390
040 ## - CATALOGING SOURCE
Original cataloging agency BD-RjUL
Language of cataloging eng
Transcribing agency BD-RjUL
041 ## - LANGUAGE CODE
Language code of text/sound track or separate title ara
082 ## - DEWEY DECIMAL CLASSIFICATION NUMBER
Edition number 1st.ed.
Classification number 340.59
Author mark and year RAT 2002
100 ## - MAIN ENTRY--PERSONAL NAME
Personal name الرحمن, محمد محبوب ;; Rahman, Muhammad Mahboob
9 (RLIN) 246737
245 ## - TITLE STATEMENT
Title التشريع الاسلامي وعاقبة المجرمين
Statement of responsibility, etc. محمد محبوب الرحمن ;; Muhammad Mahboob Rahman
260 ## - PUBLICATION, DISTRIBUTION, ETC. (IMPRINT)
Place of publication, distribution, etc. راجشاهي:
Name of publisher, distributor, etc. المكتبة الشافية,
Date of publication, distribution, etc. 2002
300 ## - PHYSICAL DESCRIPTION
Pagination 224 p. ;
Size 24 cm
650 ## - SUBJECT ADDED ENTRY--TOPICAL TERM
Topical term or geographic name as entry element Punishment (Islamic law)
9 (RLIN) 246738
942 ## - ADDED ENTRY ELEMENTS (KOHA)
Source of classification or shelving scheme Dewey Decimal Classification
Koha item type Books
Holdings
Lost status Source of classification or shelving scheme Damaged status Not for loan Collection code Permanent Location Current Location Shelving location Date acquired Source of acquisition Cost, normal purchase price Total Checkouts Full call number Date last seen Copy number Koha item type
  Dewey Decimal Classification   Not For Loan Non-fiction Central Library, University of Rajshahi Central Library, University of Rajshahi Reading Room 22/08/2002 Author 200.00   A 340.59 RAT 2002 03/04/2021 C-1 Books
  Dewey Decimal Classification     Non-fiction Central Library, University of Rajshahi Central Library, University of Rajshahi General Stacks 22/08/2002 Author 224.00   A 340.59 RAT 2002 06/01/2022 C-4 Books
  Dewey Decimal Classification     Non-fiction Central Library, University of Rajshahi Central Library, University of Rajshahi General Stacks 22/08/2002 Author 200.00   A 340.59 RAT 2002 06/01/2022 C-5 Books
  Dewey Decimal Classification     Non-fiction Central Library, University of Rajshahi Central Library, University of Rajshahi General Stacks 22/08/2002 Author 200.00   A 340.59 RAT 2002 06/01/2022 C-6 Books
  Dewey Decimal Classification     Non-fiction Central Library, University of Rajshahi Central Library, University of Rajshahi General Stacks 22/08/2002 Author 200.00   A 340.59 RAT 2002 06/01/2022 C-7 Books
  Dewey Decimal Classification     Non-fiction Central Library, University of Rajshahi Central Library, University of Rajshahi General Stacks 22/08/2002 Author 200.00   A 340.59 RAT 2002 06/01/2022 C-8 Books
  Dewey Decimal Classification     Non-fiction Central Library, University of Rajshahi Central Library, University of Rajshahi General Stacks 22/08/2002 Author 200.00   A 340.59 RAT 2002 06/01/2022 C-9 Books
  Dewey Decimal Classification     Non-fiction Central Library, University of Rajshahi Central Library, University of Rajshahi General Stacks 22/08/2002 Author 200.00   A 340.59 RAT 2002 06/01/2022 C-10 Books